| 000 | 00328nam a2200109Ia 4500 | ||
|---|---|---|---|
| 008 | 230907s9999||||xx |||||||||||||| ||und|| | ||
| 082 |
_a333.793230973 _bSTU |
||
| 100 |
_aStudebaker, John _9118042 |
||
| 245 |
_aMaximizing energy savings and minimizing energy costs / _cJohn Studebaker. |
||
| 260 | _c2019-09-27 | ||
| 942 |
_2ddc _cEB |
||
| 999 |
_c599656 _d599656 |
||